[Event "Zhukovsky op"]
[Site "Zhukovsky"]
[Date "2012.04.??"]
[Round "3"]
[White "Borzov, Roman"]
[Black "Rybakov, Sergey1"]
[Result "1/2-1/2"]
[WhiteElo "2073"]
[BlackElo "2164"]
[PlyCount "58"]
[EventDate "2012.04.??"]
[EventType "swiss"]
[EventRounds "9"]
[EventCountry "RUS"]
[SourceTitle "EXT 2014"]
[Source "ChessBase"]
[SourceDate "2013.11.20"]
[SourceVersion "1"]
[SourceVersionDate "2013.11.20"]
[SourceQuality "1"]

1. e4 c5 2. Nf3 Nc6 3. d4 cxd4 4. Nxd4 e5 5. Nb5 d6 6. N1c3 a6 7. Na3 Nf6 8. Bg5 Be7 9. Be2 h6 10. Bh4 Be6 11. 0-0 0-0 12. f3 b5 13. Bxf6 Bxf6 14. Nd5 Bg5 15. c3 Rc8 16. Nc2 Bxd5 17. Qxd5 Ne7 18. Qb3 d5 19. exd5 Qxd5 20. Qxd5 Nxd5 21. Rfd1 Ne3 22. Nxe3 Bxe3+ 23. Kf1 Rfd8 24. Rxd8+ Rxd8 25. Rd1 Rxd1+ 26. Bxd1 Bc1 27. b3 Bb2 28. c4 bxc4 29. bxc4 Bd4 1/2-1/2

[Event "Zhukovsky op 05"]
[Site "Zhukovsky"]
[Date "2011.??.??"]
[Round "1"]
[White "Borzov, Roman"]
[Black "Leschenko, Wjatcheslaw"]
[Result "1-0"]
[WhiteElo "1985"]
[BlackElo "1649"]
[PlyCount "53"]
[EventDate "2011.05.15"]
[EventType "swiss"]
[EventRounds "9"]
[EventCountry "RUS"]
[SourceTitle "EXT 2012"]
[Source "ChessBase"]
[SourceDate "2011.11.24"]
[SourceVersion "1"]
[SourceVersionDate "2011.11.24"]
[SourceQuality "1"]

1. d4 c6 2. e4 d6 3. Nf3 h6 4. c4 g5 5. Be3 Bg7 6. Nc3 Nf6 7. h3 g4 8. hxg4 Bxg4 9. Qd2 Qa5 10. Bd3 Bxf3 11. gxf3 h5 12. 0-0-0 Nbd7 13. Rdg1 Bf8 14. f4 e5 15. fxe5 dxe5 16. f4 exf4 17. Bxf4 Bb4 18. e5 Bxc3 19. bxc3 Qa3+ 20. Kb1 Ng8 21. Bg5 Ne7 22. Bf6 Nxf6 23. exf6 Nc8 24. c5 b6 25. Bf5 Kd8 26. Rg7 bxc5 27. dxc5+ 1-0

[Event "Zhukovsky op"]
[Site "Zhukovsky"]
[Date "2010.??.??"]
[Round "5"]
[White "Borzov, Roman"]
[Black "Guseynov, Vafadar"]
[Result "1-0"]
[WhiteElo "1985"]
[BlackElo "1890"]
[PlyCount "129"]
[EventDate "2010.05.14"]
[EventType "swiss"]
[EventRounds "9"]
[EventCountry "RUS"]
[SourceTitle "EXT 2011"]
[Source "ChessBase"]
[SourceDate "2010.11.26"]
[SourceVersion "1"]
[SourceVersionDate "2010.11.26"]
[SourceQuality "1"]

1. e4 c5 2. Nf3 d6 3. d4 cxd4 4. Nxd4 Nf6 5. Nc3 a6 6. Be2 e6 7. 0-0 Be7 8. Be3 Bd7 9. f4 Qc7 10. Qe1 Nc6 11. Qg3 0-0 12. f5 Nxd4 13. Bxd4 b5 14. a3 Qb7 15. fxe6 fxe6 16. e5 Ne4 17. Nxe4 Qxe4 18. c3 d5 19. Bd3 Qh4 20. Qxh4 Bxh4 21. Bc5 Rfc8 22. Bd6 Bg5 23. Rf3 Bc6 24. Rh3 g6 25. Rf1 Bd8 26. Rf4 Bb6+ 27. Kf1 Ra7 28. Bxg6 Rg7 29. Bd3 d4 30. Be4 Bxe4 31. Rxe4 dxc3 32. bxc3 Rf7+ 33. Ke1 a5 34. Kd2 Rf2+ 35. Re2 Rf4 36. Rg3+ Kf7 37. Rf3 Rxf3 38. gxf3 Rc4 39. Rg2 Rf4 40. Ke2 h5 41. h3 Rc4 42. Rg5 Rxc3 43. Rxh5 Re3+ 44. Kd2 Rxf3 45. Rh7+ Kg6 46. Rb7 Bd4 47. Rxb5 Rxh3 48. Kc2 Bc3 49. Rb3 Bxe5 50. Rxh3 Bxd6 51. Kb3 e5 52. Ka4 Bc7 53. Rc3 Bd8 54. Rc8 Be7 55. Ra8 Kf5 56. Rxa5 Kf4 57. Ra7 Bc5 58. Rf7+ Ke3 59. Kb3 e4 60. a4 Kd2 61. Rd7+ Ke1 62. Kc2 e3 63. Rd5 Bb4 64. Kd3 Kd1 65. Kxe3+ 1-0

[Event "Zhukovsky op"]
[Site "Zhukovsky"]
[Date "2010.??.??"]
[Round "8"]
[White "Borzov, Roman"]
[Black "Rybakov, Sergey1"]
[Result "1-0"]
[WhiteElo "1985"]
[BlackElo "2207"]
[PlyCount "76"]
[EventDate "2010.05.14"]
[EventType "swiss"]
[EventRounds "9"]
[EventCountry "RUS"]
[SourceTitle "EXT 2011"]
[Source "ChessBase"]
[SourceDate "2010.11.26"]
[SourceVersion "1"]
[SourceVersionDate "2010.11.26"]
[SourceQuality "1"]

1. e4 c5 2. Nf3 Nc6 3. d4 cxd4 4. Nxd4 Nf6 5. Nc3 d6 6. Be2 e5 7. Nb3 Be7 8. Bg5 Be6 9. Qd2 0-0 10. 0-0 a6 11. Rad1 Rc8 12. Bxf6 Bxf6 13. Qxd6 Nd4 14. Qxd8 Rfxd8 15. Bd3 Bg5 16. Nxd4 Rxd4 17. a3 g6 18. Rfe1 Rd6 19. Bf1 Rb6 20. Na4 Rbc6 21. c4 R8c7 22. b3 Be7 23. Ra1 Rd7 24. Nc3 Rd2 25. Re2 Rxe2 26. Bxe2 Bc5 27. Nd5 Bxd5 28. exd5 Rf6 29. Bf3 Rf4 30. Re1 f6 31. b4 Bd4 32. d6 Kf8 33. Re2 b6 34. Bb7 a5 35. Rc2 e4 36. g3 Rg4 37. c5 axb4 38. c6 b3 1-0

[Event "Moscow 03"]
[Site "Moscow"]
[Date "2009.03.??"]
[Round "?"]
[White "Borzov, Roman"]
[Black "Tyutyunnikov, Kirill"]
[Result "1/2-1/2"]
[WhiteElo "1987"]
[BlackElo "1964"]
[PlyCount "110"]
[EventDate "2009.03.??"]
[EventType "tourn"]
[EventRounds "11"]
[EventCountry "RUS"]
[SourceTitle "EXT 2012"]
[Source "ChessBase"]
[SourceDate "2011.11.24"]
[SourceVersion "1"]
[SourceVersionDate "2011.11.24"]
[SourceQuality "1"]

1. e4 c6 2. d4 d5 3. exd5 cxd5 4. c4 Nf6 5. Nc3 Nc6 6. Bg5 e6 7. Nf3 Be7 8. Be2 0-0 9. 0-0 b6 10. Rc1 Bb7 11. Qd2 Rc8 12. Rfd1 Re8 13. a3 Na5 14. cxd5 Nb3 15. Qe3 Nxc1 16. Bb5 Nxd5 17. Nxd5 Bxd5 18. Bxe8 Qxe8 19. Bxe7 Qxe7 20. Rxc1 Rxc1+ 21. Qxc1 Bxf3 22. gxf3 Qd7 23. Qf4 h6 24. Qe4 Qd5 25. h4 g6 26. Kg2 Kg7 27. Kg3 Qb5 28. Qe5+ Qxe5+ 29. dxe5 Kf8 30. Kf4 Ke7 31. Ke4 Kd7 32. Kd4 g5 33. hxg5 hxg5 34. a4 a6 35. b4 Kc6 36. f4 g4 37. Kc4 b5+ 38. axb5+ axb5+ 39. Kd4 Kb6 40. Ke3 Kc7 41. Kd3 Kb7 42. Kd2 Kc6 43. Ke2 Kc7 44. Ke3 Kb7 45. Kd4 Kb6 46. Ke4 Kc6 47. f5 exf5+ 48. Kxf5 Kd5 49. Kxg4 Kxe5 50. Kg5 Kd4 51. Kf6 Kc4 52. Kxf7 Kxb4 53. Ke6 Kc3 54. f4 b4 55. f5 b3 1/2-1/2

[Event "Moscow 03"]
[Site "Moscow"]
[Date "2009.03.??"]
[Round "?"]
[White "Djafarov, Djafar"]
[Black "Borzov, Roman"]
[Result "1/2-1/2"]
[WhiteElo "1809"]
[BlackElo "1987"]
[PlyCount "53"]
[EventDate "2009.03.??"]
[EventType "tourn"]
[EventRounds "11"]
[EventCountry "RUS"]
[SourceTitle "EXT 2012"]
[Source "ChessBase"]
[SourceDate "2011.11.24"]
[SourceVersion "1"]
[SourceVersionDate "2011.11.24"]
[SourceQuality "1"]

1. d4 d5 2. c4 c6 3. Nc3 Nf6 4. cxd5 cxd5 5. Nf3 Nc6 6. Bg5 Ne4 7. Bh4 Bf5 8. e3 a6 9. Nxe4 Bxe4 10. Nd2 Qa5 11. a3 e6 12. b4 Qb6 13. Nxe4 dxe4 14. Be2 Be7 15. Bg3 0-0 16. 0-0 Rac8 17. Rc1 Rfd8 18. Qd2 Bf6 19. Qa2 Ne7 20. Rfd1 Nf5 21. Rc2 Nxg3 22. hxg3 Rc6 23. Rdc1 Rdc8 24. Rxc6 Rxc6 25. Rxc6 Qxc6 26. Qc4 Qxc4 27. Bxc4 1/2-1/2

[Event "Moscow 03"]
[Site "Moscow"]
[Date "2009.03.??"]
[Round "?"]
[White "Krylov, Sergei"]
[Black "Borzov, Roman"]
[Result "0-1"]
[WhiteElo "2052"]
[BlackElo "1987"]
[PlyCount "66"]
[EventDate "2009.03.??"]
[EventType "tourn"]
[EventRounds "11"]
[EventCountry "RUS"]
[SourceTitle "EXT 2012"]
[Source "ChessBase"]
[SourceDate "2011.11.24"]
[SourceVersion "1"]
[SourceVersionDate "2011.11.24"]
[SourceQuality "1"]

1. Nf3 d5 2. c4 e6 3. g3 Nf6 4. Bg2 c6 5. 0-0 Nbd7 6. b3 Be7 7. Bb2 0-0 8. Qc2 b6 9. d3 Bb7 10. Nbd2 c5 11. cxd5 exd5 12. e3 Rc8 13. Rac1 Re8 14. Qb1 b5 15. Ba1 Qb6 16. d4 c4 17. bxc4 bxc4 18. Qc2 Qc7 19. Ne5 Nxe5 20. dxe5 Nd7 21. f4 Nc5 22. e4 Nd3 23. Rb1 Bc5+ 24. Kh1 Nf2+ 25. Kg1 Nxe4+ 26. Kh1 Nf2+ 27. Kg1 Ng4+ 28. Kh1 Ne3 29. Qb2 Bb6 30. Rfc1 Nxg2 31. Kxg2 d4+ 32. Kf1 c3 33. Qb5 Bc6 0-1

[Event "Moscow 03"]
[Site "Moscow"]
[Date "2009.03.??"]
[Round "?"]
[White "Lagashin, Pavel"]
[Black "Borzov, Roman"]
[Result "1-0"]
[WhiteElo "2093"]
[BlackElo "1987"]
[PlyCount "135"]
[EventDate "2009.03.??"]
[EventType "tourn"]
[EventRounds "11"]
[EventCountry "RUS"]
[SourceTitle "EXT 2012"]
[Source "ChessBase"]
[SourceDate "2011.11.24"]
[SourceVersion "1"]
[SourceVersionDate "2011.11.24"]
[SourceQuality "1"]

1. Nf3 Nf6 2. g3 d5 3. Bg2 Nbd7 4. c4 e6 5. Nc3 c6 6. b3 Bd6 7. 0-0 0-0 8. Bb2 b6 9. Nd4 Bb7 10. cxd5 Nxd5 11. e4 N5f6 12. Nde2 c5 13. d4 cxd4 14. Nxd4 Nc5 15. Re1 Be5 16. Ndb5 Nd3 17. Re2 Nxb2 18. Rxb2 Rc8 19. Rd2 Qe7 20. Rc1 a6 21. Nd4 Qb4 22. Rd3 Nxe4 23. Bxe4 Bxe4 24. Nxe4 Rxc1 25. Qxc1 Bxd4 26. a3 Bb2 27. Qxb2 Qe1+ 28. Kg2 Qxe4+ 29. Rf3 Rc8 30. Qd2 h6 31. Qd7 Rf8 32. h4 g5 33. hxg5 hxg5 34. Qd2 Qg6 35. Rd3 g4 36. Rd8 Qe4+ 37. Kg1 Qb1+ 38. Qd1 Qxd1+ 39. Rxd1 Rc8 40. Rd4 Rc3 41. Rxg4+ Kf8 42. Rb4 Rc6 43. Kg2 Ke7 44. Kf3 Kd6 45. Kg4 Kc7 46. Kg5 Rc5+ 47. Kh6 f5 48. Kg6 Re5 49. Kf6 Re2 50. f3 Re3 51. g4 Rxf3 52. g5 Rg3 53. g6 Kc6 54. g7 e5 55. Rc4+ Kd5 56. Rc8 Rxg7 57. Rd8+ Ke4 58. Kxg7 f4 59. Kf6 f3 60. Re8 f2 61. Rxe5+ Kd3 62. Rf5 Ke2 63. Ke6 f1Q 64. Rxf1 Kxf1 65. Kd5 Ke2 66. Kc6 b5 67. Kb6 Kd3 68. Kxa6 1-0

[Event "Moscow Rating"]
[Site "Moscow"]
[Date "2008.10.??"]
[Round "11"]
[White "Borzov, Roman"]
[Black "Mukhin, Anton"]
[Result "1-0"]
[WhiteElo "2008"]
[BlackElo "2135"]
[PlyCount "39"]
[EventDate "2008.09.30"]
[EventType "tourn"]
[EventRounds "11"]
[EventCountry "RUS"]
[SourceTitle "EXT 2022"]
[Source "ChessBase"]
[SourceDate "2021.10.06"]
[SourceVersion "1"]
[SourceVersionDate "2021.10.06"]
[SourceQuality "1"]

1. e4 e6 2. d4 d5 3. e5 c5 4. c3 Nc6 5. Nf3 Qb6 6. a3 c4 7. Be2 Bd7 8. Nbd2 Na5 9. 0-0 Ne7 10. Ng5 Nb3 11. Nxb3 Ba4 12. Bh5 g6 13. Qf3 Bxb3 14. Qxf7+ Kd7 15. Bg4 Bh6 16. Nxe6 Bxc1 17. Raxc1 Rag8 18. Nf4+ Kd8 19. Nxd5 Nxd5 20. Qd7# 1-0

[Event "Moscow Rating"]
[Site "Moscow"]
[Date "2008.10.??"]
[Round "9"]
[White "Borzov, Roman"]
[Black "Varnavski, Sergei"]
[Result "0-1"]
[WhiteElo "2008"]
[BlackElo "2273"]
[PlyCount "108"]
[EventDate "2008.09.30"]
[EventType "tourn"]
[EventRounds "11"]
[EventCountry "RUS"]
[SourceTitle "EXT 2022"]
[Source "ChessBase"]
[SourceDate "2021.10.06"]
[SourceVersion "1"]
[SourceVersionDate "2021.10.06"]
[SourceQuality "1"]

1. e4 c5 2. c3 Nf6 3. e5 Nd5 4. d4 cxd4 5. cxd4 Nc6 6. Nf3 d6 7. Bc4 Nb6 8. Bd3 Bg4 9. Be2 e6 10. 0-0 Be7 11. Nc3 d5 12. Bf4 0-0 13. a3 Rc8 14. h3 Bh5 15. g4 Bg6 16. Be3 Nc4 17. Bxc4 dxc4 18. d5 exd5 19. Nxd5 Be4 20. Nxe7+ Qxe7 21. Bg5 Qc5 22. Re1 Bd3 23. Qd2 Rfe8 24. Qf4 h6 25. Bh4 g5 26. Bxg5 hxg5 27. Nxg5 Qf8 28. Re3 Qg7 29. Rae1 Nd8 30. Ne4 Bxe4 31. Qxe4 Qg6 32. Qxg6+ fxg6 33. f4 Kf7 34. Rd1 Nc6 35. Rd7+ Re7 36. Rd6 Rd8 37. Rf6+ Kg7 38. h4 Rd1+ 39. Kf2 Rd2+ 40. Kg3 Rxb2 41. Rd6 Rb3 42. Kf2 c3 43. Rdd3 Rf7 44. Rxc3 Rxc3 45. Rxc3 Rxf4+ 46. Kg3 Re4 47. Rb3 b6 48. Rc3 Nxe5 49. Rc7+ Kf6 50. g5+ Kf5 51. Rxa7 Re3+ 52. Kg2 Ke4 53. Ra4+ Kd5 54. Kf2 Rb3 0-1

[Event "Moscow RGUFK Rating 05"]
[Site "Moscow"]
[Date "2007.??.??"]
[Round "8"]
[White "Vorobjov, Denis S"]
[Black "Borzov, Roman"]
[Result "1-0"]
[WhiteElo "2238"]
[BlackElo "2026"]
[PlyCount "71"]
[EventDate "2007.05.11"]
[EventType "tourn"]
[EventRounds "9"]
[EventCountry "RUS"]
[SourceTitle "EXT 2022"]
[Source "ChessBase"]
[SourceDate "2021.10.06"]
[SourceVersion "1"]
[SourceVersionDate "2021.10.06"]
[SourceQuality "1"]

1. d4 d5 2. c4 e6 3. Nc3 c5 4. cxd5 cxd4 5. Qa4+ Bd7 6. Qxd4 exd5 7. Qxd5 Nc6 8. Nf3 Nf6 9. Qd1 Bb4 10. Bd2 0-0 11. e3 Bf5 12. Be2 Qe7 13. a3 Ba5 14. 0-0 Rfd8 15. b4 Bc7 16. Qb3 Ne5 17. Nd4 Bg4 18. Rfe1 Bxe2 19. Ncxe2 Nfg4 20. h3 Qh4 21. Rf1 Nh2 22. Rfd1 Nef3+ 23. Nxf3 Nxf3+ 24. gxf3 Qxh3 25. f4 Rd6 26. Ng3 Rad8 27. Be1 Rh6 28. Rxd8+ Bxd8 29. Qd5 Qh2+ 30. Kf1 Qh3+ 31. Ke2 Qg4+ 32. Kf1 Bf6 33. Rc1 g6 34. Rc7 Qh3+ 35. Ke2 Qg4+ 36. f3 1-0